| 000 | 01057nam a2200325 i 4500 | ||
|---|---|---|---|
| 001 | 93365 | ||
| 003 | ES-MaACL | ||
| 005 | 20250819170651.0 | ||
| 007 | t| | ||
| 008 | 050524s2002 sp |||| | spa d | ||
| 020 | _a84-95719-39-8 | ||
| 080 | _a316.663:316.346.2-055.2 | ||
| 080 | _a308-055.2(100-773) | ||
| 080 | _a141.72:7"19" | ||
| 080 | _a141.72:82"19" | ||
| 245 | 0 | 3 |
_aLa feminización de la cultura _b: una aproximación interdisciplinar / _cMª Carmen África Vidal Claramonte (ed.). |
| 250 | _a1ª ed. | ||
| 260 |
_a[Salamanca] : _bConsorcio Salamanca 2002, _c2002. |
||
| 300 |
_a246 p. ; _c21 cm. |
||
| 490 | 1 |
_aArgumentos ; _v3 |
|
| 594 | _aEn port.: Centro de Arte de Salamanca. | ||
| 650 | 1 | 4 |
_aRol sexual. _916927 |
| 650 | 1 | 4 |
_aMujeres- _zPaíses en desarrollo _915307 |
| 650 | 7 |
_aFeminismo y arte _2embne _9149508 |
|
| 650 | 0 | 7 |
_aFeminismo y literatura _2embne _912753 |
| 700 | 1 |
_aVidal, M. Carmen África. _9149509 |
|
| 830 | 0 |
_aArgumentos ; _v3 _9178418 |
|
| 852 |
_aES-MaACL _jL-29114 |
||
| 999 |
_c93365 _d93365 |
||